Southville International School and Colleges
Your cart is empty.
  • Cart
  • Lists
    Public lists Eva Luna New books Lux_list list_1
    Your lists Log in to create your own lists
  • Log in to your account
  • Your cookies
  • Search history
Southville International School and Colleges
  • Advanced search
  • Recent comments
  • Most popular
  • Libraries

Log in to your account

Log in with GOOGLE


If you do not have an external account, but do have a local account, you can still log in:

  1. Home
  2. MARC view: The boy in the striped pajamas :
Normal view MARC view ISBD view

The boy in the striped pajamas : (Record no. 42952)

[ view plain ]
MARC details
000 -LEADER
fixed length control field 01653cam a2200409 a 4500
001 - CONTROL NUMBER
control field 14170039
003 - CONTROL NUMBER IDENTIFIER
control field OSt
005 - DATE AND TIME OF LATEST TRANSACTION
control field 20140312100930.0
008 - FIXED-LENGTH DATA ELEMENTS--GENERAL INFORMATION
fixed length control field 051116s2006 enk d 000 1 eng
010 ## - LIBRARY OF CONGRESS CONTROL NUMBER
LC control number 2005033596
020 ## - INTERNATIONAL STANDARD BOOK NUMBER
International Standard Book Number 9780385751537
040 ## - CATALOGING SOURCE
Original cataloging agency DLC
Transcribing agency DLC
Modifying agency DLC
042 ## - AUTHENTICATION CODE
Authentication code lcac
043 ## - GEOGRAPHIC AREA CODE
Geographic area code e-pl---
050 00 - LIBRARY OF CONGRESS CALL NUMBER
Classification number PZ 7
Item number .B69677Boy 2007
100 1# - MAIN ENTRY--PERSONAL NAME
Personal name Boyne, John,
Dates associated with a name 1971-
9 (RLIN) 25103
245 14 - TITLE STATEMENT
Title The boy in the striped pajamas :
Remainder of title a fable /
Statement of responsibility, etc by John Boyne.
250 ## - EDITION STATEMENT
Edition statement 1st American ed.
260 ## - PUBLICATION, DISTRIBUTION, ETC. (IMPRINT)
Place of publication, distribution, etc Oxford ;
-- New York :
Name of publisher, distributor, etc David Fickling Books,
Date of publication, distribution, etc 2006.
300 ## - PHYSICAL DESCRIPTION
Extent 215 p. ;
Dimensions 21 cm.
521 ## - TARGET AUDIENCE NOTE
Target audience note
526 ## - STUDY PROGRAM INFORMATION NOTE
Reading level 1080
610 20 - SUBJECT ADDED ENTRY--CORPORATE NAME
Corporate name or jurisdiction name as entry element Auschwitz (Concentration camp)
Form subdivision Juvenile fiction.
9 (RLIN) 25104
610 21 - SUBJECT ADDED ENTRY--CORPORATE NAME
Corporate name or jurisdiction name as entry element Auschwitz (Concentration camp)
Form subdivision Fiction.
9 (RLIN) 25105
650 #1 - SUBJECT ADDED ENTRY--TOPICAL TERM
Topical term or geographic name as entry element Concentration camps
Geographic subdivision Poland
Form subdivision Fiction.
9 (RLIN) 25106
650 #1 - SUBJECT ADDED ENTRY--TOPICAL TERM
Topical term or geographic name as entry element Friendship
Form subdivision Fiction.
9 (RLIN) 25107
650 #1 - SUBJECT ADDED ENTRY--TOPICAL TERM
Topical term or geographic name as entry element Nazis
Form subdivision Fiction.
9 (RLIN) 25108
650 #1 - SUBJECT ADDED ENTRY--TOPICAL TERM
Topical term or geographic name as entry element Holocaust, Jewish (1939-1945)
Form subdivision Fiction.
9 (RLIN) 25109
650 #1 - SUBJECT ADDED ENTRY--TOPICAL TERM
Topical term or geographic name as entry element World War, 1939-1945
General subdivision Jews
Form subdivision Fiction.
9 (RLIN) 25110
856 42 - ELECTRONIC LOCATION AND ACCESS
Materials specified Contributor biographical information
Uniform Resource Identifier <a href="http://www.loc.gov/catdir/enhancements/fy0634/2005033596-b.html">http://www.loc.gov/catdir/enhancements/fy0634/2005033596-b.html</a>
856 42 - ELECTRONIC LOCATION AND ACCESS
Materials specified Publisher description
Uniform Resource Identifier <a href="http://www.loc.gov/catdir/enhancements/fy0634/2005033596-d.html">http://www.loc.gov/catdir/enhancements/fy0634/2005033596-d.html</a>
856 41 - ELECTRONIC LOCATION AND ACCESS
Materials specified Sample text
Uniform Resource Identifier <a href="http://www.loc.gov/catdir/enhancements/fy0665/2005033596-s.html">http://www.loc.gov/catdir/enhancements/fy0665/2005033596-s.html</a>
906 ## - LOCAL DATA ELEMENT F, LDF (RLIN)
a 7
b cbc
c orignew
d 1
e ecip
f 20
g y-gencatlg
942 ## - ADDED ENTRY ELEMENTS (KOHA)
Source of classification or shelving scheme Library of Congress Classification
Koha item type Books
Holdings
Withdrawn status Lost status Source of classification or shelving scheme Damaged status Home library Current library Shelving location Date acquired Total Checkouts Full call number Barcode Date last seen Copy number Price effective from Koha item type
    Library of Congress Classification   Munich Library Munich Library Scholastic Reading Center Section 03/12/2014   PZ 7 .B69677Boy 2007 MS1252 03/12/2014 1 03/12/2014 Books

The boy in the striped pajamas :

APA

Boyne J., . (2006). The boy in the striped pajamas. Oxford: David Fickling Books.

Chicago

Boyne John, . 2006. The boy in the striped pajamas. Oxford: David Fickling Books.

Harvard

Boyne J., . (2006). The boy in the striped pajamas. Oxford: David Fickling Books.

MLA

Boyne John, . The boy in the striped pajamas. Oxford: David Fickling Books. 2006.

  • Place hold
  • Print
  • Cite
  • Add to your cart (remove)
  • Save record
    BIBTEX Dublin Core MARCXML MARC (non-Unicode/MARC-8) MARC (Unicode/UTF-8) MARC (Unicode/UTF-8, Standard) MODS (XML) RIS
  • More searches
    Search for this title in:
    Other Libraries (WorldCat) Other Databases (Google Scholar) Online Stores (Bookfinder.com) Open Library (openlibrary.org)

Exporting to Dublin Core...

SOUTHVILLE LIBRARY

Southville International School and Colleges Library

1281 Tropical Ave. Cor. Luxembourg St., BF Homes International, Las Pinas City

Tel. No. 8256374 / 252358 Loc. 117/146

Powered by Koha